Sociedad y minería en el norte chico, 1840-1930.

Сохранить в:
Библиографические подробности
Другие авторы: Ortega Martínez, Luis (Редактор), Godoy Orellana, Milton (Редактор), Venegas Valdebenito, Hernán (Редактор)
Формат:
Язык:испанский
Опубликовано: Santiago, Chile: Universidad Academia de Humanismo Cristiano; Universidad de Santiago de Chile (USACH), 2009.
Серии:Colección Museo Nacional Histórico. Seminarios,
Предметы:
Метки: Добавить метку
Нет меток, Требуется 1-ая метка записи!

MARC

LEADER 00000cam a2200000 a 4500
001 UCG1129
003 CL-VaPUC
005 20241021134404.0
008 100422e20090000CL |||||||||||||||||spa|d
999 |c 340573  |d 340571 
020 |a 978-956-7382-26-2 
040 |c Pontificia Universidad Católica de Valparaíso 
082 0 4 |a 338.20983 ORT 2009  |2 21 
100 |a Ortega Martínez, Luis  |e editor  |9 892509 
245 1 0 |a Sociedad y minería en el norte chico, 1840-1930. 
260 |a Santiago, Chile:  |b Universidad Academia de Humanismo Cristiano;   |b Universidad de Santiago de Chile (USACH),  |c 2009. 
300 |a 334 páginas. 
490 0 |a Colección Museo Nacional Histórico. Seminarios,  |n  5. 
500 |a c. Fondo Budge. Donación del Profesor Sr. Eduardo Cavieres. 05-08-2019. Proyecto FONDECYT 1060176, Universidad de Santiago de Chile. 
583 |a last modification  |c 20120419 01:41:45  |k Rodrigo Vera 
650 0 |a Industria minera  |9 260256  |z Chile   |y Siglos19-20 
651 0 |a Zona norte  |9 319954 
700 |a Godoy Orellana, Milton  |e editor  |9 892510 
700 |a Venegas Valdebenito, Hernán  |e editor  |9 892511 
942 |c BK  |2 ddc 
945 |d 20100422 00:00:00  |a rbrito 
952 |0 0  |1 0  |4 0  |6 338_209830000000000_ORT_2009  |7 0  |8 A  |9 435417  |a BIBHIS  |b BIBHIS  |d 2019-11-22  |i 4664884  |l 1  |o 338.20983 ORT 2009  |p 4664884  |r 2025-01-20  |s 2022-02-21  |w 2019-11-22  |y BK  |k HIS 
952 |0 0  |1 0  |4 0  |6 338_209830000000000_ORT_2009  |7 0  |8 A  |9 435418  |a BIBHIS  |b BIBHIS  |d 2019-11-22  |i 4854594  |o 338.20983 ORT 2009  |p 4854594  |r 2025-01-20  |w 2019-11-22  |y BK  |k HIS 
952 |0 0  |1 0  |3 erb  |4 0  |6 338_209830000000000_ORT_2009  |7 0  |8 A  |9 435419  |a BIBING  |b BIBING  |i 5295009  |o 338.20983 ORT 2009  |p 5295009  |r 2025-01-20  |w 2019-11-22  |y BK  |z Catalogado en:20160701  |k GEO 
952 |0 0  |1 0  |3 erb  |4 0  |6 338_209830000000000_ORT_2009  |7 0  |8 X  |9 435420  |a FDOBUD  |b FDOBUD  |i 5595134  |o 338.20983 ORT 2009  |p 5595134  |r 2019-11-22  |w 2019-11-22  |y BK_X  |z Catalogado en:20190809  |k BUD